000 00963cab a2200373 4500
001 ABS59636
008 090401t1998 xxu||||| |||| 00| 0 eng d
035 _a(Sirsi) u89999
041 _aeng
245 _aRegional survey: West Midlands
260 _c1998
350 _a0
490 _aProperty Week
_v63(31) 27 November 1998, 42-67(11)
650 _aBIRMINGHAM
650 _aCOVENTRY
650 _aDEVELOPMENT
650 _aDUDLEY
650 _aINDUSTRIAL LAND
650 _aINDUSTRIAL SECTOR
650 _aLEISURE SECTOR
650 _aMANUFACTURING INDUSTRY
650 _aNOTTINGHAM
650 _aOFFICE SECTOR
650 _aOUT OF TOWN DEVELOPMENT
650 _aPLANNING
650 _aRETAIL SECTOR
650 _aSERVICE SECTOR
650 _aTRANSPORT ISSUES
650 _aWARWICKSHIRE
650 _aWEST MIDLANDS
690 _aPROPERTY-COMMERCIAL PROPERTY-COMMERCIAL PROPERTY MARKET
942 _n0
948 _c27/11/1998
999 _c56989
_d56989